[Event "IECC O-3613"]
[Site "IECC email"]
[Date "2013.04.01"]
[Round "?"]
[White "Hargreaves, John Richard"]
[Black "Holenweger, Roger"]
[Result "1-0"]
[WhiteElo "1681"]
[BlackElo "1691"]
[PlyCount "45"]
[EventDate "2013.??.??"]
[EventType "swiss (corr)"]
[EventRounds "2"]
[SourceTitle "Telechess CBM 165"]
[Source "ChessBase"]
[SourceDate "2015.03.11"]
[SourceVersion "1"]
[SourceVersionDate "2015.03.11"]
[SourceQuality "1"]
[WhiteTeam "England"]
[BlackTeam "Tailandia"]
[WhiteTeamCountry "ENG"]
[BlackTeamCountry "THA"]

1. e4 e6 2. d4 d5 3. Nd2 c5 4. exd5 Qxd5 5. Ngf3 cxd4 6. Bc4 Qd6 7. 0-0 Nf6 8. Nb3 Nc6 9. Nbxd4 Nxd4 10. Qxd4 Bd7 11. Qh4 Qc7 12. Re1 Bd6 13. Bh6 Nh5 14. Qxh5 Qxc4 15. Rad1 gxh6 16. Rxd6 0-0-0 17. Ne5 Qc5 18. Rd3 Bc6 19. Qxf7 Rdf8 20. Qxe6+ Kb8 21. Qd6+ Qxd6 22. Rxd6 Kc7 23. Rxh6 1-0